MARC
| LEADER | 00000nam a22000003a 4500 | ||
|---|---|---|---|
| 001 | 0092404 | ||
| 003 | SK-STU | ||
| 005 | 20211214104738.0 | ||
| 007 | ta | ||
| 008 | 211214s ----xo-----e------000-0-----d | ||
| 020 | |a 978-80-7367-992-7 | ||
| 040 | |a STU |b slo | ||
| 041 | 0 | |a cze | |
| 044 | |a xr | ||
| 100 | 1 | |a Berne, Eric |4 aut | |
| 245 | 1 | 0 | |a Jak si lidé hrají / |c aut. Eric Berne |
| 260 | |a Praha |b Portál |c 2011 | ||
| 300 | |a 198 s. | ||
| 490 | 0 | |a Spektrum | |
| 650 | 0 | 7 | |a psychológia osobnosti |
| 996 | |b 284M088974 |c M* 14578-1 |l MMST |s A |a 24 |w 0092404_0001 | ||